<?xml version="1.0" encoding="UTF-8"?>
<record
    xmlns:xsi="http://www.w3.org/2001/XMLSchema-instance"
    xsi:schemaLocation="http://www.loc.gov/MARC21/slim http://www.loc.gov/standards/marcxml/schema/MARC21slim.xsd"
    xmlns="http://www.loc.gov/MARC21/slim">

  <leader>01186na  a2200373   4500</leader>
  <controlfield tag="001">18233</controlfield>
  <controlfield tag="003">MIRAKIL</controlfield>
  <controlfield tag="005">20181213154803.0</controlfield>
  <controlfield tag="008">161115b        tu            000 0      </controlfield>
  <datafield tag="040" ind1=" " ind2=" ">
    <subfield code="a">Milas</subfield>
    <subfield code="b">tur</subfield>
    <subfield code="c">TR-AnCHP</subfield>
  </datafield>
  <datafield tag="041" ind1=" " ind2=" ">
    <subfield code="a">tur</subfield>
  </datafield>
  <datafield tag="082" ind1=" " ind2=" ">
    <subfield code="a">330.9561 </subfield>
    <subfield code="b">K24 1990</subfield>
  </datafield>
  <datafield tag="090" ind1=" " ind2=" ">
    <subfield code="a">330.9561 K24 1990</subfield>
  </datafield>
  <datafield tag="245" ind1=" " ind2=" ">
    <subfield code="a">Kalk&#x131;nan T&#xFC;rkiye 1983 - 1990</subfield>
    <subfield code="b">Rakamlarla icraat&#x131;m&#x131;z</subfield>
    <subfield code="c">Haz.Ba&#x15F;bakanl&#x131;k Ekonomik ve Mali &#x130;&#x15F;ler Ba&#x15F;kanl&#x131;&#x11F;&#x131;</subfield>
  </datafield>
  <datafield tag="246" ind1=" " ind2=" ">
    <subfield code="a">Rakamlarla icraat&#x131;m&#x131;z</subfield>
  </datafield>
  <datafield tag="260" ind1=" " ind2=" ">
    <subfield code="a">[Ankara]</subfield>
    <subfield code="b"> T. C. Ba&#x15F;bakanl&#x131;k</subfield>
    <subfield code="c">1990</subfield>
  </datafield>
  <datafield tag="300" ind1=" " ind2=" ">
    <subfield code="a">142 s.</subfield>
    <subfield code="b">tbl.;graf.</subfield>
    <subfield code="c">23 sm.</subfield>
  </datafield>
  <datafield tag="505" ind1=" " ind2=" ">
    <subfield code="a">Gap</subfield>
  </datafield>
  <datafield tag="505" ind1=" " ind2=" ">
    <subfield code="a">Adalet</subfield>
  </datafield>
  <datafield tag="505" ind1=" " ind2=" ">
    <subfield code="a">K&#xFC;lt&#xFC;r-Sanat</subfield>
  </datafield>
  <datafield tag="505" ind1=" " ind2=" ">
    <subfield code="a">Bilim-Teknoloji</subfield>
  </datafield>
  <datafield tag="505" ind1=" " ind2=" ">
    <subfield code="a">Savunma-G&#xFC;venlik</subfield>
  </datafield>
  <datafield tag="505" ind1=" " ind2=" ">
    <subfield code="a">Para-Banka-Kredi</subfield>
  </datafield>
  <datafield tag="505" ind1=" " ind2=" ">
    <subfield code="a">Kit-Yat&#x131;r&#x131;m-Te&#x15F;vik</subfield>
  </datafield>
  <datafield tag="505" ind1=" " ind2=" ">
    <subfield code="a">Toplu Konut-&#x130;n&#x15F;aat</subfield>
  </datafield>
  <datafield tag="505" ind1=" " ind2=" ">
    <subfield code="a">Ula&#x15F;t&#x131;rma-Haberle&#x15F;me</subfield>
  </datafield>
  <datafield tag="505" ind1=" " ind2=" ">
    <subfield code="a">G.S.M.H.-&#x130;thalat-&#x130;hracat</subfield>
  </datafield>
  <datafield tag="505" ind1=" " ind2=" ">
    <subfield code="a">Sa&#x11F;l&#x131;k-Sosyal-Yard&#x131;mla&#x15F;ma</subfield>
  </datafield>
  <datafield tag="505" ind1=" " ind2=" ">
    <subfield code="a">Turizm-E&#x11F;itim-Gen&#xE7;lik-Spor</subfield>
  </datafield>
  <datafield tag="505" ind1=" " ind2=" ">
    <subfield code="a">Sanayi-Tar&#x131;m-Enerji-Madencilik</subfield>
  </datafield>
  <datafield tag="651" ind1=" " ind2=" ">
    <subfield code="a">T&#xFC;rkiye</subfield>
    <subfield code="x">Kalk&#x131;nma</subfield>
    <subfield code="y">1983-1990</subfield>
  </datafield>
  <datafield tag="710" ind1=" " ind2=" ">
    <subfield code="a">T. C. Ba&#x15F;bakanl&#x131;k</subfield>
    <subfield code="b">Ekonomik ve Mali &#x130;&#x15F;ler Ba&#x15F;kanl&#x131;&#x11F;&#x131;  </subfield>
  </datafield>
  <datafield tag="942" ind1=" " ind2=" ">
    <subfield code="2">ddc</subfield>
    <subfield code="c">BKS</subfield>
  </datafield>
  <datafield tag="952" ind1=" " ind2=" ">
    <subfield code="a">0001</subfield>
    <subfield code="b">0001</subfield>
    <subfield code="d">2016-11-15</subfield>
    <subfield code="e">2</subfield>
    <subfield code="l">0</subfield>
    <subfield code="o">330.9561 K24 1990</subfield>
    <subfield code="p">009827</subfield>
    <subfield code="r">2016-11-15 00:00:00</subfield>
    <subfield code="v">0.00</subfield>
    <subfield code="w">2016-11-15</subfield>
    <subfield code="y">BKS</subfield>
  </datafield>
  <datafield tag="999" ind1=" " ind2=" ">
    <subfield code="c">830</subfield>
    <subfield code="d">830</subfield>
  </datafield>
</record>
